Farmers benefit from grants (Record no. 117137)

MARC details
000 -LEADER
fixed length control field 01147cam a2200241 4500
001 - CONTROL NUMBER
control field WB4012-16
008 - FIXED-LENGTH DATA ELEMENTS--GENERAL INFORMATION
fixed length control field 040325n2004 000 0 eng u
035 ## - SYSTEM CONTROL NUMBER
System control number (Sirsi) u125576
245 ## - TITLE STATEMENT
Title Farmers benefit from grants
260 ## - PUBLICATION, DISTRIBUTION, ETC.
Date of publication, distribution, etc. 2004
490 ## - SERIES STATEMENT
Series statement DEFRA News Release
Volume/sequential designation (102/04) 23 March 2004 (2)
520 ## - SUMMARY, ETC.
Summary, etc. The government has awarded more grants to help farmers increase efficiency and work together to share best practice. The grants are awarded under the Agricultural Development Scheme (ADS) and are designed to help farmers and the food chain achieve improvements in line with the government's Strategy for Sustainable Farming and Food. Grants are awarded quarterly and applications for the June panel should be submitted by 6 April 2004. More information on ADS is available from http://wwwdefra.gov.uk. http://www.defra.gov.uk/news/2004/040323a.htm
590 ## - LOCAL NOTE (RLIN)
Local note WB
590 ## - LOCAL NOTE (RLIN)
Local note WB
650 ## - SUBJECT ADDED ENTRY--TOPICAL TERM
Topical term or geographic name entry element AGRICULTURAL DEVELOPMENT SCHEME
650 ## - SUBJECT ADDED ENTRY--TOPICAL TERM
Topical term or geographic name entry element BEST PRACTICE
650 ## - SUBJECT ADDED ENTRY--TOPICAL TERM
Topical term or geographic name entry element RURAL DEVELOPMENT
650 ## - SUBJECT ADDED ENTRY--TOPICAL TERM
Topical term or geographic name entry element DEVELOPMENT GRANTS
650 ## - SUBJECT ADDED ENTRY--TOPICAL TERM
Topical term or geographic name entry element FARMERS
650 ## - SUBJECT ADDED ENTRY--TOPICAL TERM
Topical term or geographic name entry element SUSTAINABLE FARMING
690 ## - LOCAL SUBJECT ADDED ENTRY--TOPICAL TERM (OCLC, RLIN)
Topical term or geographic name as entry element RURAL
9 (RLIN) 6268
942 ## - ADDED ENTRY ELEMENTS (KOHA)
Suppress in OPAC 0
Holdings
Withdrawn status Lost status Source of classification or shelving scheme Damaged status Not for loan Home library Current library Shelving location Date acquired Total Checkouts Full call number Barcode Date last seen Copy number Price effective from Koha item type
    Dewey Decimal Classification     London London News article 25/03/2004   WB4012-16 125576-1001 06/08/2019 1 06/08/2019 News article